[Event "EU-ch (Women) 22nd"]
[Site "Prague"]
[Date "2022.08.29"]
[Round "9"]
[White "Shatil, Or"]
[Black "Hnatyshyn, Anastasiya"]
[Result "1/2-1/2"]
[WhiteElo "1842"]
[BlackElo "2061"]
[PlyCount "62"]
[EventDate "2022.08.20"]
[EventType "swiss"]
[EventRounds "11"]
[EventCountry "CZE"]
[SourceTitle "CBM 209 Extra"]
[Source "ChessBase"]
[SourceDate "2022.09.30"]
[SourceVersion "1"]
[SourceVersionDate "2022.09.30"]
[SourceQuality "1"]

1. e4 c5 2. Nf3 g6 3. d4 cxd4 4. Nxd4 Nc6 5. Nc3 Bg7 6. Be3 d6 7. Qd2 Nf6 8. f3 0-0 9. 0-0-0 Bd7 10. g4 Qa5 11. Kb1 Rfc8 12. h4 h5 13. g5 Ne8 14. Nd5 Qxd2 15. Rxd2 Kf8 16. f4 Bg4 17. Bh3 Nxd4 18. Bxd4 Rc4 19. Bxg7+ Nxg7 20. Bxg4 hxg4 21. Re1 Rac8 22. b3 R4c5 23. Rg1 e6 24. Nf6 Ke7 25. Rxg4 Rc3 26. Rg1 b5 27. Rgd1 R8c6 28. Rd3 R3c5 29. R1d2 b4 30. Re3 a5 31. Red3 Rb5 1/2-1/2

[Event "EU-ch (Women) 22nd"]
[Site "Prague"]
[Date "2022.08.23"]
[Round "4"]
[White "Sochorova, Petra"]
[Black "Shatil, Or"]
[Result "1-0"]
[WhiteElo "2019"]
[BlackElo "1842"]
[PlyCount "69"]
[EventDate "2022.08.20"]
[EventType "swiss"]
[EventRounds "11"]
[EventCountry "CZE"]
[SourceTitle "CBM 209 Extra"]
[Source "ChessBase"]
[SourceDate "2022.09.30"]
[SourceVersion "1"]
[SourceVersionDate "2022.09.30"]
[SourceQuality "1"]

1. e4 c6 2. d4 d5 3. Nc3 dxe4 4. Nxe4 Nf6 5. Nxf6+ exf6 6. Be3 Bd6 7. Bd3 Be6 8. Ne2 0-0 9. c3 Re8 10. Qc2 h5 11. Ng3 h4 12. Nf5 Bxf5 13. Bxf5 Bf4 14. 0-0-0 Bxe3+ 15. fxe3 Qe7 16. Rde1 c5 17. Qf2 g6 18. Bc2 f5 19. Kb1 Nd7 20. e4 fxe4 21. Rxe4 Qxe4 22. Bxe4 Rxe4 23. Re1 Rae8 24. Rxe4 Rxe4 25. dxc5 Kg7 26. a3 Ne5 27. Kc2 Ng4 28. Qg1 a5 29. b4 a4 30. b5 Ne5 31. c6 bxc6 32. b6 Re2+ 33. Kd1 Rb2 34. Qd4 f6 35. Qd8 1-0

[Event "EU-ch (Women) 22nd"]
[Site "Prague"]
[Date "2022.08.20"]
[Round "1"]
[White "Kubicka, Anna"]
[Black "Shatil, Or"]
[Result "1-0"]
[WhiteElo "2237"]
[BlackElo "1842"]
[PlyCount "49"]
[EventDate "2022.08.20"]
[EventType "swiss"]
[EventRounds "11"]
[EventCountry "CZE"]
[SourceTitle "CBM 209 Extra"]
[Source "ChessBase"]
[SourceDate "2022.09.30"]
[SourceVersion "1"]
[SourceVersionDate "2022.09.30"]
[SourceQuality "1"]

1. e4 c5 2. Nf3 Nc6 3. Bb5 e6 4. 0-0 Nge7 5. d4 cxd4 6. Nxd4 a6 7. Be2 Ng6 8. Nxc6 bxc6 9. Be3 Be7 10. c4 0-0 11. Nc3 Rb8 12. Qd2 Qc7 13. Rad1 d6 14. f4 Rd8 15. Kh1 Bb7 16. Qe1 Bf6 17. c5 d5 18. e5 Be7 19. Na4 Nf8 20. Bd2 Re8 21. Ba5 Qd7 22. Nb6 Qd8 23. Nxd5 Qc8 24. Nxe7+ Rxe7 25. Rd8 1-0

[Event "EU-chT U12 Girls"]
[Site "Thessaloniki"]
[Date "2022.07.17"]
[Round "6.1"]
[White "Molnar, Dalma Reka"]
[Black "Shatil, Or"]
[Result "0-1"]
[WhiteElo "1521"]
[BlackElo "1856"]
[PlyCount "60"]
[EventDate "2022.07.12"]
[EventType "team-tourn"]
[EventRounds "7"]
[EventCountry "GRE"]
[SourceTitle "EXT 2023"]
[Source "ChessBase"]
[SourceDate "2022.10.05"]
[SourceVersion "1"]
[SourceVersionDate "2022.10.05"]
[SourceQuality "1"]
[WhiteTeam "Hungary U12"]
[BlackTeam "Israel U12"]
[WhiteTeamCountry "HUN"]
[BlackTeamCountry "ISR"]

1. e4 c5 2. Nc3 g6 3. g3 Bg7 4. Bg2 Nc6 5. d3 Rb8 6. Be3 b5 7. Qd2 b4 8. Nd1 d6 9. h3 a5 10. Rc1 Bd7 11. c3 e5 12. Ne2 Qb6 13. b3 Nge7 14. c4 Nd4 15. Nxd4 cxd4 16. Bh6 0-0 17. Bxg7 Kxg7 18. 0-0 f5 19. Nb2 f4 20. Rfe1 f3 21. Bf1 h6 22. h4 Ng8 23. Kh2 Nf6 24. Bh3 Bxh3 25. Kxh3 Qc7 26. Rh1 Ng4 27. Rhe1 Qd7 28. Nd1 Nxf2+ 29. Kh2 Qh3+ 30. Kg1 Qg2# 0-1

[Event "Mestre Sheraton op-A 1st"]
[Site "Mestre"]
[Date "2021.02.28"]
[Round "4"]
[White "Buzzati, Francesco"]
[Black "Shatil, Or"]
[Result "1-0"]
[WhiteElo "1930"]
[BlackElo "1821"]
[PlyCount "75"]
[EventDate "2021.02.26"]
[EventType "swiss"]
[EventRounds "5"]
[EventCountry "ITA"]
[SourceTitle "EXT 2022"]
[Source "ChessBase"]
[SourceDate "2021.10.06"]
[SourceVersion "1"]
[SourceVersionDate "2021.10.06"]
[SourceQuality "1"]

1. d4 Nf6 2. Bg5 d5 3. Bxf6 exf6 4. e3 Bd6 5. c4 dxc4 6. Bxc4 0-0 7. Ne2 Nd7 8. Nbc3 f5 9. 0-0 Nf6 10. g3 c6 11. a3 Re8 12. b4 a6 13. Rc1 Ne4 14. Nxe4 fxe4 15. Nc3 Bh3 16. Bxf7+ Kxf7 17. Qh5+ Kg8 18. Qxh3 a5 19. Rb1 axb4 20. axb4 Qe7 21. b5 c5 22. dxc5 Bxc5 23. Rfd1 Rad8 24. Qg4 Rd3 25. Rxd3 exd3 26. Qc4+ Kh8 27. Qxd3 Rd8 28. Qe4 Qf7 29. Rd1 Rf8 30. Rd2 Re8 31. Qd5 Qf8 32. Ne4 Bb4 33. Rd1 h6 34. Qxb7 Qf3 35. Rd4 Be1 36. Qc6 Rxe4 37. Qa8+ Kh7 38. Qxe4+ 1-0

[Event "Mestre Sheraton op-A 1st"]
[Site "Mestre"]
[Date "2021.02.28"]
[Round "5"]
[White "Shatil, Or"]
[Black "Cervini, Alessandro"]
[Result "0-1"]
[WhiteElo "1821"]
[BlackElo "1899"]
[PlyCount "86"]
[EventDate "2021.02.26"]
[EventType "swiss"]
[EventRounds "5"]
[EventCountry "ITA"]
[SourceTitle "EXT 2022"]
[Source "ChessBase"]
[SourceDate "2021.10.06"]
[SourceVersion "1"]
[SourceVersionDate "2021.10.06"]
[SourceQuality "1"]

1. b3 e6 2. Bb2 Nf6 3. Nf3 d5 4. d4 c5 5. e3 Nbd7 6. c4 b6 7. Be2 Be7 8. 0-0 Bb7 9. Re1 0-0 10. Nbd2 Ne4 11. Nxe4 dxe4 12. Nd2 f5 13. Qc2 Nf6 14. f3 Rc8 15. Rad1 Qc7 16. fxe4 fxe4 17. Nf1 cxd4 18. exd4 Qf4 19. Ng3 Bd6 20. Bc1 Qh4 21. Rf1 Bxg3 22. hxg3 Qxg3 23. Bf4 Qh4 24. g3 Qh3 25. Rf2 Ng4 26. Bxg4 Qxg4 27. Rdf1 e3 28. Rh2 Rf5 29. Rh4 Rh5 30. Rxh5 Qxh5 31. Qh2 Qg4 32. Bxe3 Qe4 33. Bf2 Rf8 34. Re1 Qf3 35. c5 Rf5 36. Re3 Qd1+ 37. Re1 Qf3 38. Re3 Qd5 39. g4 Rf4 40. Rg3 Qe4 41. Re3 Qb1+ 42. Re1 Rxg4+ 43. Kf1 Ba6# 0-1